[Event "POL-chT 2nd League"]
[Site "Jastrzebia Gora"]
[Date "2023.09.07"]
[Round "6.88"]
[White "Okrucinski, Tadeusz"]
[Black "Wisniewski, Szymon"]
[Result "1-0"]
[WhiteElo "2168"]
[BlackElo "1754"]
[PlyCount "79"]
[EventDate "2023.09.02"]
[EventType "team-swiss"]
[EventRounds "9"]
[EventCountry "POL"]
[SourceTitle "EXT 2024"]
[Source "ChessBase"]
[SourceDate "2023.10.10"]
[SourceVersion "1"]
[SourceVersionDate "2023.10.10"]
[SourceQuality "1"]
[WhiteTeam "Gdansk Korona"]
[BlackTeam "Bydgoszcz Royal Chess"]
[WhiteTeamCountry "POL"]
[BlackTeamCountry "POL"]

1. d4 Nf6 2. Nf3 g6 3. c4 Bg7 4. Nc3 0-0 5. g3 d6 6. Bg2 Nc6 7. 0-0 e5 8. d5 Ne7 9. c5 e4 10. cxd6 Qxd6 11. Ng5 Nfxd5 12. Ngxe4 Nxc3 13. Nxd6 Nxd1 14. Nxc8 Raxc8 15. Rxd1 Rcd8 16. Bg5 f6 17. Bf4 c6 18. Bc7 Rc8 19. Rd7 Rf7 20. Ba5 Nf5 21. Rad1 Rcf8 22. Bb4 Rxd7 23. Rxd7 Rf7 24. Rd8+ Bf8 25. Rb8 b6 26. Bxc6 Kg7 27. Bc3 Bc5 28. e3 Rc7 29. Bd5 Ne7 30. Bb3 Bd6 31. Rd8 Be5 32. Bxe5 fxe5 33. Rd6 Nc6 34. Re6 Na5 35. Bd5 Rc2 36. b4 Nc4 37. Re7+ Kf6 38. Rf7+ Kg5 39. h4+ Kg4 40. Be6+ 1-0

[Event "Polanica Zdroj op-E 56th"]
[Site "Polanica Zdroj"]
[Date "2020.08.18"]
[Round "4"]
[White "Chowaniec, Artur"]
[Black "Wisniewski, Szymon"]
[Result "0-1"]
[WhiteElo "1530"]
[BlackElo "1679"]
[PlyCount "100"]
[EventDate "2020.08.15"]
[EventType "swiss"]
[EventRounds "9"]
[EventCountry "POL"]
[SourceTitle "CBM 198 Extra"]
[Source "ChessBase"]
[SourceDate "2020.11.30"]
[SourceVersion "1"]
[SourceVersionDate "2020.11.30"]
[SourceQuality "1"]

1. e4 c5 2. Nf3 e6 3. d4 cxd4 4. Nxd4 a6 5. Nc3 Qc7 6. Be3 Nf6 7. f3 b5 8. Qd2 Bb7 9. 0-0-0 d6 10. Bxb5+ axb5 11. Ndxb5 Qd7 12. Nxd6+ Bxd6 13. Qxd6 Qxd6 14. Rxd6 0-0 15. Rhd1 Nc6 16. a4 Ne5 17. b3 Rfc8 18. Kb2 Rab8 19. Ba7 Ra8 20. Bb6 Kf8 21. Rd8+ Ke7 22. Rxc8 Rxc8 23. Nb5 Nfd7 24. Ba5 Nc6 25. Bc3 Ba6 26. Nd4 Nce5 27. g3 Nc5 28. Nf5+ exf5 29. Bxe5 fxe4 30. fxe4 f6 31. Bd6+ Ke6 32. Bxc5 Rxc5 33. Rd4 Bb7 34. b4 Re5 35. c3 Rxe4 36. Rd2 f5 37. Ka3 g5 38. a5 Ba6 39. Ka4 f4 40. gxf4 gxf4 41. Rd8 Re5 42. Re8+ Kd5 43. Rf8 Ke4 44. Rf6 f3 45. Rxa6 f2 46. Rf6 Rf5 47. Rxf5 Kxf5 48. b5 f1Q 49. a6 Qc4+ 50. Ka5 Qc5 0-1

[Event "Polanica Zdroj op-E 56th"]
[Site "Polanica Zdroj"]
[Date "2020.08.17"]
[Round "3"]
[White "Wisniewski, Szymon"]
[Black "Zarzycki, Lukasz"]
[Result "1-0"]
[WhiteElo "1679"]
[BlackElo "1470"]
[PlyCount "111"]
[EventDate "2020.08.15"]
[EventType "swiss"]
[EventRounds "9"]
[EventCountry "POL"]
[SourceTitle "CBM 198 Extra"]
[Source "ChessBase"]
[SourceDate "2020.11.30"]
[SourceVersion "1"]
[SourceVersionDate "2020.11.30"]
[SourceQuality "1"]

1. Nf3 Nf6 2. g3 c5 3. Bg2 Nc6 4. d3 g6 5. e4 Bg7 6. 0-0 0-0 7. Nc3 d5 8. Ng5 e6 9. f4 h6 10. Nf3 dxe4 11. dxe4 Rb8 12. Be3 Qa5 13. h3 Rd8 14. Qe1 Nd4 15. Qf2 Ne8 16. e5 Qb4 17. Rab1 a5 18. Bxd4 cxd4 19. Rfd1 b5 20. Rxd4 Rxd4 21. Qxd4 Bf8 22. Qd8 Qc5+ 23. Kh2 b4 24. Ne4 Qxc2 25. Re1 Bb7 26. Qxb8 Bxe4 27. Rxe4 Qxe4 28. Qxe8 Qc2 29. Qd8 a4 30. Qd2 b3 31. axb3 axb3 32. Qc3 Ba3 33. Nd4 Bxb2 34. Qxb3 Qxb3 35. Nxb3 f6 36. exf6 Bxf6 37. Nc5 Kf7 38. Nd7 Be7 39. Ne5+ Kf6 40. Nf3 Bd6 41. h4 Bc7 42. Bh3 Bb8 43. Kg2 Bc7 44. Kf2 Bb8 45. Ke3 Ba7+ 46. Ke4 Bb8 47. Nd4 Ba7 48. Nxe6 Bf2 49. Kf3 Be1 50. Nc5 g5 51. Ne4+ Kg6 52. hxg5 hxg5 53. Nxg5 Bb4 54. Ke4 Be7 55. Bf5+ Kh6 56. Ne6 1-0

[Event "POL-chT 2nd League"]
[Site "Jastrzebia Gora"]
[Date "2015.09.09"]
[Round "5.53"]
[White "Wisniewski, Szymon"]
[Black "Dmochowska, Agnieszka"]
[Result "1-0"]
[WhiteElo "1847"]
[BlackElo "1973"]
[PlyCount "66"]
[EventDate "2015.09.05"]
[EventType "team-swiss"]
[EventRounds "9"]
[EventCountry "POL"]
[SourceTitle "EXT 2017"]
[Source "ChessBase"]
[SourceDate "2016.10.25"]
[SourceVersion "1"]
[SourceVersionDate "2016.10.25"]
[SourceQuality "1"]
[WhiteTeam "Bydgoszcz Hetman"]
[BlackTeam "Bialystok MUKS Stoczek 45"]
[WhiteTeamCountry "POL"]
[BlackTeamCountry "POL"]

1. e4 c5 2. Nc3 d6 3. f4 g6 4. Nf3 Bg7 5. Bc4 Nc6 6. d3 e6 7. 0-0 Nge7 8. Qe1 0-0 9. f5 gxf5 10. Qh4 fxe4 11. dxe4 Ng6 12. Qh5 f6 13. Bh6 Qe7 14. Rad1 Nce5 15. Be2 Bxh6 16. Qxh6 Bd7 17. Nh4 Nxh4 18. Qxh4 Rad8 19. Rf2 Kh8 20. Bh5 Be8 21. Bxe8 Rdxe8 22. Nb5 Rd8 23. Nxa7 Ng6 24. Qg3 Qd7 25. Qb3 Ne5 26. Rfd2 c4 27. Qb5 Qc7 28. Qb4 Ra8 29. Nb5 Qa5 30. a3 Qb6+ 31. Kh1 Ng4 32. Rf1 Qe3 33. Nxd6 Ra4 1-0

[Event "POL-chT3 Kujawsko Pomorskie 1314"]
[Site "Poland"]
[Date "2014.??.??"]
[Round "11.21"]
[White "Darowicki, Mariusz"]
[Black "Wisniewski, Szymon"]
[Result "0-1"]
[WhiteElo "1894"]
[BlackElo "1842"]
[PlyCount "98"]
[EventDate "2013.11.03"]
[EventType "team-tourn"]
[EventRounds "11"]
[EventCountry "POL"]
[SourceTitle "EXT 2018"]
[Source "ChessBase"]
[SourceDate "2017.10.13"]
[SourceVersion "1"]
[SourceVersionDate "2017.10.13"]
[SourceQuality "1"]
[WhiteTeam "Swiecie Gambit"]
[BlackTeam "Bydgoszcz Hetman"]
[WhiteTeamCountry "POL"]
[BlackTeamCountry "POL"]

1. e4 c5 2. Nf3 d6 3. Bc4 Nc6 4. 0-0 Nf6 5. Re1 g6 6. Nc3 Bg7 7. d3 0-0 8. a3 Rb8 9. Bg5 Bg4 10. h3 Bxf3 11. Qxf3 b5 12. Ba2 b4 13. axb4 Nd4 14. Qd1 cxb4 15. Ne2 Nd7 16. Nxd4 Bxd4 17. Rb1 a5 18. Bh6 Bg7 19. Bxg7 Kxg7 20. d4 Qc7 21. Qd3 Rfc8 22. Rbc1 a4 23. Qe3 Rb6 24. f4 Rc6 25. Re2 b3 26. Bb1 Qb6 27. c3 Qa5 28. d5 R6c7 29. Qd4+ f6 30. Re3 a3 31. bxa3 Qxa3 32. Rf1 Qb2 33. e5 Rc4 34. exf6+ Kh8 35. Qa7 R4c7 36. Qd4 Nxf6 37. Rfe1 Rc4 38. Qd3 Rxc3 39. Qd4 Rxe3 40. Qxe3 Nxd5 41. Qe6 Rc1 42. Kh2 Rxe1 43. Qxe1 Qd4 44. g3 b2 45. Ba2 Ne3 46. h4 Kg7 47. h5 Qe4 48. Qe2 Qc2 49. Qxc2 Nxc2 0-1

[Event "POL-ch qual U15"]
[Site "Jastrzebia Gora"]
[Date "2013.09.28"]
[Round "7.2"]
[White "Fukowski, Pawel"]
[Black "Wisniewski, Szymon"]
[Result "1-0"]
[WhiteElo "1679"]
[BlackElo "1855"]
[PlyCount "69"]
[EventDate "2013.09.28"]
[EventType "swiss"]
[EventRounds "9"]
[EventCountry "POL"]
[SourceTitle "EXT 2023"]
[Source "ChessBase"]
[SourceDate "2022.10.05"]
[SourceVersion "1"]
[SourceVersionDate "2022.10.05"]
[SourceQuality "1"]

1. c4 e5 2. Nc3 Nc6 3. g3 f5 4. Bg2 Nf6 5. d3 Bb4 6. Bd2 Bxc3 7. Bxc3 d6 8. e3 Bd7 9. b4 Rb8 10. Ne2 0-0 11. 0-0 Qe8 12. Qd2 Qh5 13. f4 Be6 14. b5 Ne7 15. Bf3 Ng4 16. Bxg4 fxg4 17. e4 Bd7 18. Qb2 Ng6 19. f5 Nh8 20. d4 Nf7 21. dxe5 dxe5 22. Bxe5 Rfe8 23. Bxc7 Rbc8 24. Nf4 Qg5 25. Nd5 Rxe4 26. f6 Rxc7 27. fxg7 Ne5 28. Nf6+ Kxg7 29. Nxe4 Qe3+ 30. Nf2 Kg8 31. Rac1 Nf3+ 32. Kg2 Nd2 33. Rfe1 Qf3+ 34. Kg1 Nxc4 35. Qb3 1-0

[Event "Kowalewo Pomorskie op"]
[Site "Kowalewo Pomorskie"]
[Date "2013.07.10"]
[Round "1"]
[White "Wisniewski, Szymon"]
[Black "Sliwicki, Damian"]
[Result "1-0"]
[WhiteElo "1791"]
[BlackElo "2027"]
[PlyCount "135"]
[EventDate "2013.07.10"]
[EventType "swiss"]
[EventRounds "9"]
[EventCountry "POL"]
[SourceTitle "CBM 155 Extra"]
[Source "ChessBase"]
[SourceDate "2013.08.26"]
[SourceVersion "1"]
[SourceVersionDate "2013.08.26"]
[SourceQuality "1"]

1. a3 g6 2. e4 Bg7 3. Nc3 c5 4. f4 Nc6 5. Nf3 e6 6. e5 f6 7. Bb5 Nd4 8. exf6 Nxf6 9. Nxd4 cxd4 10. Ne2 0-0 11. 0-0 d6 12. Bd3 e5 13. Ng3 Bd7 14. fxe5 dxe5 15. Qe2 Qe7 16. b3 Kh8 17. a4 Ng4 18. Ba3 Qh4 19. Rxf8+ Rxf8 20. Bxf8 Qxh2+ 21. Kf1 Qxg3 22. Bxg7+ Kxg7 23. Be4 Bf5 24. Bxf5 gxf5 25. Qe1 Nh2+ 26. Ke2 Qxg2+ 27. Kd3 Nf3 28. Qd1 e4+ 29. Kc4 Qg6 30. a5 Qd6 31. Kb5 Ne5 32. Qh5 Qc6+ 33. Kb4 Qd6+ 34. Ka4 Qd7+ 35. Ka3 d3 36. Qg5+ Ng6 37. cxd3 Qd6+ 38. Ka2 Qxd3 39. Rg1 Qc2+ 40. Ka3 Qc5+ 41. b4 Qe5 42. Rh1 Qd5 43. Qh6+ Kf6 44. Qe3 Ne5 45. Qh6+ Ng6 46. Qe3 f4 47. Qxa7 Ne5 48. Qb6+ Kf5 49. Qc5 Nc4+ 50. Ka4 Qxc5 51. bxc5 f3 52. Kb4 Nxd2 53. c6 bxc6 54. a6 f2 55. a7 f1Q 56. Rxf1+ Nxf1 57. a8Q h5 58. Qf8+ Kg4 59. Qxf1 h4 60. Qg2+ Kf4 61. Qh3 Kg5 62. Kc5 e3 63. Qxe3+ Kg4 64. Qg1+ Kh3 65. Qh1+ Kg3 66. Kxc6 h3 67. Kd5 Kh4 68. Qh2 1-0

[Event "POL-chT3 Kujawsko Pomorskie 1213"]
[Site "Poland"]
[Date "2013.02.24"]
[Round "9.17"]
[White "Ciemniak, Krzysztof"]
[Black "Wisniewski, Szymon"]
[Result "1/2-1/2"]
[WhiteElo "1982"]
[BlackElo "1718"]
[PlyCount "98"]
[EventDate "2012.11.04"]
[EventType "team-tourn"]
[EventRounds "11"]
[EventCountry "POL"]
[SourceTitle "EXT 2015"]
[Source "ChessBase"]
[SourceDate "2014.11.20"]
[SourceVersion "1"]
[SourceVersionDate "2014.11.20"]
[SourceQuality "1"]
[WhiteTeam "Bydgoszcz Wiartrak"]
[BlackTeam "Bydgoszcz Hetman"]
[WhiteTeamCountry "POL"]
[BlackTeamCountry "POL"]

1. e4 c5 2. Nf3 Nc6 3. d4 cxd4 4. Nxd4 g6 5. Nc3 Bg7 6. Nb3 Nf6 7. g3 d6 8. Bg2 Bg4 9. f3 Be6 10. Be3 0-0 11. Nd4 Qb6 12. Nce2 Qxb2 13. Nxe6 fxe6 14. Bh3 Ng4 15. Bxg4 Qxa1 16. Bxe6+ Kh8 17. Bc1 Qe5 18. Bd5 Rxf3 19. Nf4 Qc3+ 20. Bd2 Qa3 21. Bb3 Nd4 22. c3 Nxb3 23. axb3 Bxc3 24. Bxc3+ Rxc3 25. Qd4+ e5 26. Qxc3 Qa6 27. Rf1 Qa2 28. Ne6 Qb1+ 29. Kf2 Qxe4 30. Kg1 Qg4 31. Rf6 Qd1+ 32. Kg2 Qe2+ 33. Kg1 Qd1+ 34. Rf1 Qg4 35. Qc7 Qxe6 36. Rf7 Qh3 37. Qxd6 Qh6 38. Qxe5+ Kg8 39. Qe6 Kh8 40. Qe5+ Kg8 41. Qd5 Kh8 42. Rxb7 Qe3+ 43. Kg2 Qe2+ 44. Kg1 Qe1+ 45. Kg2 Qe2+ 46. Kh3 Qf1+ 47. Qg2 Qxg2+ 48. Kxg2 a5 49. h4 a4 1/2-1/2

[Event "Bydgoszcz U18 op 30th"]
[Site "Bydgoszcz"]
[Date "2013.01.14"]
[Round "?"]
[White "Kroczka, Gromoslaw"]
[Black "Wisniewski, Szymon"]
[Result "1-0"]
[WhiteElo "1638"]
[BlackElo "1718"]
[PlyCount "181"]
[EventDate "2013.01.14"]
[EventType "swiss"]
[EventRounds "9"]
[EventCountry "POL"]
[SourceTitle "EXT 2023"]
[Source "ChessBase"]
[SourceDate "2022.10.05"]
[SourceVersion "1"]
[SourceVersionDate "2022.10.05"]
[SourceQuality "1"]

1. e4 c5 2. Nf3 Nc6 3. d4 cxd4 4. Nxd4 g6 5. c4 Bg7 6. Nc2 Nf6 7. Nc3 0-0 8. Be2 d6 9. 0-0 Be6 10. Bd2 Nd7 11. Rc1 Nb6 12. b3 a5 13. a4 Nd7 14. Na3 Nc5 15. Nab5 Nd4 16. Nxd4 Bxd4 17. Bh6 Bg7 18. Bxg7 Kxg7 19. Rb1 Qb6 20. Kh1 Kg8 21. Bg4 Nxe4 22. Nxe4 Bxg4 23. Nf6+ exf6 24. Qxg4 Rad8 25. Qf3 f5 26. h3 Rfe8 27. Rfe1 Re6 28. Kg1 Rde8 29. Qc3 Qc5 30. Rxe6 fxe6 31. b4 axb4 32. Qxb4 Qxb4 33. Rxb4 Rc8 34. Rxb7 Rxc4 35. a5 Ra4 36. Rb6 d5 37. Rxe6 Rxa5 38. Re7 Ra1+ 39. Kh2 h6 40. Rd7 Rd1 41. Kg3 Rd4 42. Kf3 f4 43. h4 Kf8 44. h5 gxh5 45. Rh7 Rd2 46. Rxh6 Kg7 47. Rxh5 Kf6 48. Rh4 Kg5 49. Rg4+ Kf5 50. Rxf4+ Ke5 51. Rf8 d4 52. g4 Rd1 53. Rf5+ Ke6 54. Ke2 Rg1 55. f3 Ra1 56. Kd3 Ra4 57. f4 Rb4 58. Re5+ Kd6 59. g5 Ra4 60. g6 Ra3+ 61. Kxd4 Rg3 62. Rd5+ Ke7 63. f5 Kf6 64. Kc5 Rc3+ 65. Kd6 Ra3 66. Rc5 Ra6+ 67. Rc6 Ra7 68. Rc5 Ra6+ 69. Kc7 Ra7+ 70. Kb6 Ra1 71. Kb5 Rb1+ 72. Kc4 Rc1+ 73. Kd4 Rd1+ 74. Ke4 Re1+ 75. Kf3 Rf1+ 76. Ke2 Ra1 77. Rd5 Ra2+ 78. Kf3 Ra4 79. Ke3 Ra1 80. Ke4 Re1+ 81. Kd4 Rc1 82. Ke3 Ra1 83. Rd8 Ra7 84. Ke4 Ra4+ 85. Rd4 Ra7 86. Kf4 Rc7 87. Rd6+ Kg7 88. Kg5 Rc5 89. Rd7+ Kg8 90. Kh6 Rxf5 91. Rd8+ 1-0

[Event "POL-chT3 Kujawsko Pomorskie 1213"]
[Site "Poland"]
[Date "2013.01.13"]
[Round "6.7"]
[White "Wisniewski, Szymon"]
[Black "Halas, Przemyslaw"]
[Result "0-1"]
[WhiteElo "1718"]
[BlackElo "2036"]
[PlyCount "58"]
[EventDate "2012.11.04"]
[EventType "team-tourn"]
[EventRounds "11"]
[EventCountry "POL"]
[SourceTitle "EXT 2015"]
[Source "ChessBase"]
[SourceDate "2014.11.20"]
[SourceVersion "1"]
[SourceVersionDate "2014.11.20"]
[SourceQuality "1"]
[WhiteTeam "Bydgoszcz Hetman"]
[BlackTeam "Inowroclaw OSiR Pozkal"]
[WhiteTeamCountry "POL"]
[BlackTeamCountry "POL"]

1. e4 e6 2. d4 d5 3. e5 c5 4. c3 Nc6 5. Nf3 Bd7 6. a3 c4 7. Be2 Nge7 8. 0-0 Nf5 9. Ne1 Qb6 10. Bg4 Nfe7 11. f4 0-0-0 12. Bh3 f5 13. g4 g5 14. fxg5 fxg4 15. Bxg4 Nxe5 16. Kh1 Nxg4 17. Qxg4 e5 18. Qg1 Nf5 19. Nf3 exd4 20. cxd4 Bg7 21. Ne5 Bxe5 22. dxe5 d4 23. h3 Rhe8 24. Qh2 Qb3 25. Bf4 Ne3 26. Rc1 Rf8 27. Nd2 Qd3 28. Bxe3 Bc6+ 29. Kg1 Qxe3+ 0-1